Click Timeline: The Lord of the Rings Events - Statistics

General Stats
  • This quiz has been taken 667 times
  • The average score is 11 of 15
Answers on the Map
Answers color-coded by a green-red scale on the quiz's map according to % correct below.
 
Answer Stats
Answer % Correct
Sauron forges the Rings of Power
87%
Isildur takes the One Ring from Sauron
85%
Bilbo finds the Ring
84%
Bilbo's Farewell Party
81%
Smeagol (Gollum) finds the Ring
80%
The Fellowship of the Ring is formed at Rivendell
77%
Frodo and Bilbo leave Middle-Earth
74%
The Fellowship reaches Lothlórien and meets Galadriel
73%
The Hobbits meet Aragorn at Bree
71%
Aragorn is crowned King Elessar
70%
Destruction of the One Ring
70%
Destruction of Isengard | Battle of Helm's Deep
69%
Battle of the Pelennor Fields
(siege of Minas Tirith)
67%
Frodo & Sam capture Gollum | Merry & Pippin meet Treebeard
64%
Gandalf faces the Balrog in the mines of Moria
61%
No matching quizzes found
Score Distribution
Percent of People with Each Score
Percentile by Number Answered
Your Score History
You have not taken this quiz